| 000 | 01078cam a22002894a 4500 | ||
|---|---|---|---|
| 001 | 11817705 | ||
| 005 | 20250109105433.0 | ||
| 008 | 991022s2000 maua b 001 0 eng | ||
| 020 | _a0072903872 (alk. paper) | ||
| 020 | _a9780072903874 | ||
| 050 | 0 | 0 |
_aHF1411 _b.L536 2000 |
| 082 | 0 | 0 |
_a337 _221 |
| 100 | 1 | _aPugel, Thomas A. | |
| 245 | 1 | 0 |
_aInternational economics / _cThomas A. Pugel, Peter H. Lindert. |
| 250 | _a11th ed. | ||
| 260 |
_aBoston : _bMcGraw-Hill, _cc2000. |
||
| 300 |
_axxiii, 709 p. : _bill. (some col.) ; _c24 cm. |
||
| 500 | _aLindert's name appeared first on earlier ed. | ||
| 650 | 0 | _aInternational economic relations. | |
| 650 | 0 | _aCommercial policy. | |
| 650 | 0 | _aForeign exchange. | |
| 700 | 1 | _aLindert, Peter H. | |
| 856 | 4 | 2 |
_3Publisher description _uhttp://www.loc.gov/catdir/description/mh023/99056092.html |
| 856 | 4 | 1 |
_3Table of contents _uhttp://www.loc.gov/catdir/toc/mh023/99056092.html |
| 856 | 4 | 2 |
_3Contributor biographical information _uhttp://www.loc.gov/catdir/enhancements/fy0707/99056092-b.html |
| 942 |
_2lcc _cBK _e11th Ed. _n0 |
||
| 999 |
_c2485 _d2485 |
||